000 00412nam a2200169Ia 4500
008 100416t2008 xxu||||| |||| 00| 0 sin d
041 _asin
080 _aX8S31
_bGUN
100 _aGunasekara, Leel
245 _aපෙත්සම
246 _aPethsama ( LIB /63 / 6 / 31 )
260 _bAuthor
_c2008
300 _a98p., 21 cm
942 _cBK
999 _c73062
_d73062
003 LK-CoDNM
040 _aLK-CoDNM
_dLK-CoDNM
_eLK-CoDNM